00867nam a22002177a 45000010005000000030006000050050017000110080041000280400029000690500009000980820010001071000020001172450083001372600038002203000041002585050008002995200244003075210029005515210019005806500050005996836FISKH20251124104933.0250530b cb ||||| |||| 00| 0 eng d aFISKHbengcFISKHdFISKH aPZ7  a155.4 aLederle, Wyeth  aTake a look and see... every inch of me /cby Scholastic Inc and Wyeth Lederle aNew York : bScholastic, c2000.  a23 pages : billustrations ; c23 cm aG  aBobo, is an empowering picture book celebrating self-love, body positivity, and confidence in children. It uses lyrical language and expressive illustrations to affirm that every part of a child—inside and out—is worthy and beautiful. 8 a380 bLexile estimate 8 aG bRaz-Plus  aAll About Me vBody Parts xGrowth and Change